[Event "Druzynowe Mistrzostwa Polski Juniorow - I Liga Juniorow 2019"]
[Site "Ustron"]
[Date "1899-12-30"]
[Round "1.1"]
[White "Raczynski, Krzysztof"]
[Black "Fus, Jakub"]
[Result "0-1"]
[WhiteTitle "k+"]
[BlackTitle "FM"]
[WhiteElo "2170"]
[BlackElo "2341"]

1. e4 e5 2. Nf3 Nc6 3. Bb5 a6 4. Ba4 Nf6 5. Qe2 b5 6. Bb3 Be7 7. c3 d6 8. O-O Bg4
9. d3 O-O 10. h3 Bh5 11. Re1 Na5 12. Bc2 c5 13. Nbd2 Re8 14. Nf1 Nc6 15. g4 Bg6
16. Ng3 d5 17. Nh4 d4 18. Nhf5 Nd7 19. cxd4 Nxd4 20. Nxd4 cxd4 21. Bb3 Nc5 22.
Bd2 Nxb3 23. axb3 f6 24. b4 Bf7 25. Rec1 Qb6 26. Qd1 Be6 27. Kg2 Qb7 28. h4 Rac8
29. h5 Rxc1 30. Rxc1 Rc8 31. f3 Rxc1 32. Qxc1 Qc8 33. Qxc8+ Bxc8 34. Ne2 Be6 35.
Kf2 Bb3 36. Ke1 Bc2 37. Nc1 g6 38. hxg6 hxg6 39. Ke2 Kf7 40. Be1 Ke6 41. Bd2 f5
42. gxf5+ gxf5 43. Be1 f4 44. Bd2 Kf6 45. Be1 Kg5 46. Kf2 Kh5 47. Kg2 Bd1 48.
Na2 Kg6 49. Nc1 Kf7 50. Na2 Ke6 51. Nc1 Kd7 52. Na2 Kc6 53. Nc1 Bf8 54. Na2 Bd6
55. Kf2 Bb3 56. Nc1 Be6 57. Ke2 Be7 58. Kd1 Kb6 59. Ke2 Kc6 60. Kd1 Kb7 61. Ke2
a5 62. bxa5 b4 63. Kd1 Ka6 64. Ke2 Kxa5 65. Kd1 Ka4 66. Ke2 b3 67. Bd2 Bh3 68.
Kf2 Bh4+ 69. Kg1 Bd7 70. Kf1 Be7 71. Ke2 Bb5 72. Kd1 Ba6 73. Be1 Bc8 74. Ke2 Bh3
75. Kf2 Bc8 76. Ke2 Bd8 77. Bd2 Bh4 78. Be1 Be7 79. Bd2 Bd7 80. Be1 Be6 81. Bd2
Bc8 82. Be1 Ba6 83. Kd1 Bb5 84. Bd2 Bd7 85. Ke2 Bh3 86. Kf2 Bh4+ 87. Kg1 Bc8 88.
Kf1 Ba6 89. Be1 Be7 90. Ke2 Ba3 91. Nxb3 Kxb3 92. bxa3 Kc2 93. Bb4 Bxd3+ 94. Ke1
Bb5 95. Bd6 d3 96. Bb4 Be8 97. Bd2 Bh5 98. a4 Bxf3 99. a5 Bxe4 100. a6 Ba8 101.
a7 Bb7 102. Bb4 e4 0-1

[Event "Druzynowe Mistrzostwa Polski Juniorow - I Liga Juniorow 2019"]
[Site "Ustron"]
[Date "1899-12-30"]
[Round "1.2"]
[White "Baum, Jonasz"]
[Black "Butyrowski, Marcel"]
[Result "0-1"]
[WhiteTitle "FM"]
[BlackTitle "I++"]
[WhiteElo "2295"]
[BlackElo "2041"]

1. d4 Nf6 2. c4 e6 3. Nf3 b6 4. g3 Bb7 5. Bg2 Be7 6. O-O O-O 7. Nc3 Ne4 8. Bd2
Nxd2 9. Qxd2 Bb4 10. Rad1 Bxc3 11. Qxc3 d6 12. h4 Nd7 13. Qc2 Nf6 14. d5 e5 15.
b4 Qe7 16. e4 Bc8 17. Rc1 Ng4 18. c5 bxc5 19. bxc5 f5 20. Ng5 h6 21. Ne6 Bxe6
22. dxe6 f4 23. Bh3 h5 24. cxd6 cxd6 25. Qc7 Qxe6 26. f3 Qg6 27. fxg4 hxg4 28.
Bg2 f3 29. Bh1 Rac8 30. Qb7 Rxc1 31. Rxc1 Qh6 32. Qb3+ Kh7 33. Rf1 Qd2 34. Qa3
Rc8 35. Qxa7 Rc5 36. Bxf3 gxf3 37. Rxf3 Qd4+ 38. Kg2 Rc2+ 39. Rf2 Rxf2+ 0-1

[Event "Druzynowe Mistrzostwa Polski Juniorow - I Liga Juniorow 2019"]
[Site "Ustron"]
[Date "1899-12-30"]
[Round "1.3"]
[White "Wojdak, Jan"]
[Black "Janeczko, Jakub"]
[Result "1/2-1/2"]
[WhiteTitle "I"]
[BlackTitle "I"]
[WhiteElo "1803"]
[BlackElo "1725"]

1. e4 c5 2. Nf3 Nc6 3. d4 cxd4 4. Nxd4 g6 5. c4 Nf6 6. Nc3 Nxd4 7. Qxd4 d6 8. Be2
Bg7 9. Be3 O-O 10. Qd2 a5 11. O-O a4 12. Rac1 Qa5 13. Rfd1 Be6 14. f3 Rfc8 15.
Nb5 Qxd2 16. Rxd2 Nd7 17. Nd4 Nc5 18. Nxe6 Nxe6 19. f4 a3 20. b3 Nc5 21. Bxc5
Rxc5 22. Rd5 Rac8 23. Rcd1 Rxd5 24. exd5 b6 25. Kf2 Bb2 26. Ke3 Kg7 27. Kd3 Kf6
28. g4 h6 29. b4 Kg7 30. Kc2 Kf8 31. Kb3 Ra8 32. Bd3 Kg7 33. Re1 Bf6 1/2-1/2

[Event "Druzynowe Mistrzostwa Polski Juniorow - I Liga Juniorow 2019"]
[Site "Ustron"]
[Date "1899-12-30"]
[Round "1.4"]
[White "Pancewicz, Szymon"]
[Black "Stanislawski, Karol"]
[Result "1-0"]
[WhiteTitle "I+"]
[BlackTitle "II"]
[WhiteElo "1724"]
[BlackElo "1279"]

1. e4 c5 2. Nf3 g6 3. d4 cxd4 4. Nxd4 Bg7 5. c4 Nc6 6. Be3 Nf6 7. Nc3 O-O 8. Be2
d6 9. O-O Bd7 10. f3 Nxd4 11. Bxd4 Bc6 12. b4 a6 13. Qd2 Qc7 14. Rfc1 Rfc8 15.
b5 Bd7 16. Na4 Nh5 17. Nb6 Nf4 18. Bf1 Ne6 19. Nxa8 Bxd4+ 20. Qxd4 Rxa8 21. Qf2
axb5 22. cxb5 Nc5 23. e5 Qa5 24. exd6 exd6 25. Qd4 Qb6 26. Rd1 Bxb5 27. Rdb1 Ra5
28. a4 Rxa4 29. Rxa4 Nxa4 30. Qxb6 Nxb6 31. Rxb5 Nd7 32. Rxb7 Nc5 33. Rb6 d5 34.
Rd6 d4 35. Rxd4 Ne6 36. Rd7 h5 37. Bc4 Ng5 38. h4 Ne6 39. Bxe6 fxe6 40. Re7 1-0

[Event "Druzynowe Mistrzostwa Polski Juniorow - I Liga Juniorow 2019"]
[Site "Ustron"]
[Date "1899-12-30"]
[Round "1.5"]
[White "Szelag, Zuzanna"]
[Black "Tarka, Aleksandra"]
[Result "1/2-1/2"]
[WhiteTitle "k"]
[BlackTitle "I++"]
[WhiteElo "1942"]
[BlackElo "1574"]

1. e4 c5 2. Nf3 Nc6 3. d4 cxd4 4. Nxd4 g6 5. c4 Nf6 6. Nc3 Nxd4 7. Qxd4 d6 8. Be2
Bg7 9. Be3 O-O 10. Qd2 a5 11. O-O a4 12. Rac1 Qa5 13. Rfd1 Be6 14. Qc2 Rfc8 15.
b3 axb3 16. axb3 Ng4 17. Bd4 Bxd4 18. Rxd4 Qe5 19. Bxg4 Qxd4 20. Bxe6 fxe6 21.
Rd1 Qe5 22. Na4 Ra6 23. Qe2 Rac6 24. Qe3 Qa5 25. Qh3 d5 26. exd5 exd5 27. c5 e6
28. Qe3 Rf8 29. h3 Qc7 30. b4 Qf4 31. Qe1 Ra6 32. Nc3 Qf6 33. Rd3 Rfa8 34. Rd1
Ra3 35. Rc1 Kf7 36. Qd2 Kg7 37. Kh2 Ra1 38. Rc2 Qe5+ 39. f4 Qe1 40. Qd4+ Kf7 41.
Re2 Qh1+ 42. Kg3 R1a3 43. Qe5 Rxc3+ 44. Qxc3 Qa1 45. Qxa1 Rxa1 46. Rb2 Rc1 47.
Kf3 Rc4 48. Rb3 Kf6 49. g3 h6 50. Ke3 e5 51. fxe5+ Kxe5 52. Kd3 h5 53. h4 Kf5
54. Ke2 Kg4 55. Kd2 Kh3 56. Kd1 Kg4 1/2-1/2

[Event "Druzynowe Mistrzostwa Polski Juniorow - I Liga Juniorow 2019"]
[Site "Ustron"]
[Date "1899-12-30"]
[Round "1.6"]
[White "Rejniak, Zuzanna"]
[Black "Frackowiak, Lena"]
[Result "1-0"]
[WhiteTitle "k"]
[BlackTitle "II"]
[WhiteElo "1808"]
[BlackElo "1039"]

1. e4 c5 2. Nf3 d6 3. d4 cxd4 4. Nxd4 Nf6 5. Nc3 g6 6. Be3 Bg7 7. f3 Nc6 8. Qd2
O-O 9. O-O-O Bd7 10. h4 a5 11. g4 Nxd4 12. Bxd4 a4 13. g5 Nh5 14. Bxg7 Kxg7 15.
Bc4 a3 16. b3 Qa5 17. Qd4+ Kg8 18. Nd5 Rfe8 19. Nb6 Rad8 20. Nxd7 Rxd7 21. Qd5
e6 22. Qxa5 Rdd8 23. Qxa3 d5 24. exd5 exd5 25. Rxd5 Ra8 26. Qb2 Nf4 27. Rd7 Ne6
28. Qf6 Rf8 29. Bxe6 Ra6 30. Bxf7+ Rxf7 31. Qxf7+ Kh8 32. Rd8# 1-0

[Event "Druzynowe Mistrzostwa Polski Juniorow - I Liga Juniorow 2019"]
[Site "Ustron"]
[Date "1899-12-30"]
[Round "1.7"]
[White "Skurniak, Szymon"]
[Black "Teclaf, Pawel"]
[Result "0-1"]
[WhiteTitle "I+"]
[BlackTitle "IM"]
[WhiteElo "2066"]
[BlackElo "2454"]

1. e4 c5 2. b3 Nc6 3. Bb2 e6 4. Nf3 d6 5. c4 Nf6 6. Nc3 e5 7. d3 g6 8. g3 Bg7 9.
Bg2 O-O 10. O-O a6 11. Nd2 Nd4 12. Ne2 Rb8 13. f4 Ng4 14. Bxd4 cxd4 15. Qc1 Ne3
16. Re1 Bh6 17. c5 Bg4 18. Nc4 Bxe2 19. Rxe2 exf4 20. cxd6 fxg3 21. hxg3 Nf5 22.
Qe1 Nxd6 23. Bh3 Nb5 24. Qb4 Nc3 25. Rg2 Qc7 26. Rf1 b5 27. Nd6 Be3+ 28. Kh2 a5
29. Nxb5 Rxb5 0-1

[Event "Druzynowe Mistrzostwa Polski Juniorow - I Liga Juniorow 2019"]
[Site "Ustron"]
[Date "1899-12-30"]
[Round "1.8"]
[White "Niedbala, Bartlomiej"]
[Black "Dixa, Oskar"]
[Result "1-0"]
[WhiteTitle "k"]
[BlackTitle "k"]
[WhiteElo "2120"]
[BlackElo "2019"]

1. d4 Nf6 2. c4 e6 3. g3 d5 4. Bg2 Be7 5. Nf3 O-O 6. O-O c6 7. Nbd2 b6 8. Qc2 Bb7
9. e4 Na6 10. e5 Nd7 11. a3 c5 12. dxc5 Naxc5 13. cxd5 exd5 14. b4 Ne6 15. Nb3
Rc8 16. Qd3 Qc7 17. Bb2 Qc2 18. Qxc2 Rxc2 19. Rab1 Rfc8 20. Rfd1 Bc6 21. Nbd4
Rc4 22. Nxc6 R8xc6 23. Nd2 Rc2 24. Bxd5 Rc8 25. Bb3 R2c7 26. Ne4 Ndf8 27. f4 g6
28. Nd6 Rd8 29. Nb5 Rcd7 30. Rxd7 Rxd7 31. Rd1 a5 32. Rxd7 Nxd7 33. bxa5 Bc5+
34. Kg2 bxa5 35. Kf3 Bg1 36. Bc3 Nec5 37. Bc4 Nb6 38. Nd6 Nxc4 39. Nxc4 a4 40.
h3 h5 41. Kg2 Ne4 42. Bb4 Bc5 43. Kf3 Bxb4 44. Kxe4 Be1 45. g4 hxg4 46. hxg4 Kf8
47. Nb6 Bd2 48. Nc4 Bc1 49. f5 gxf5+ 50. gxf5 Ke7 51. Kd5 Kd7 52. Kc5 Bh6 53.
Kb5 Bf8 54. Kxa4 Kc6 55. Kb3 Kd5 56. a4 Bc5 57. a5 Kd4 58. a6 Kd5 59. Ka4 Kc6
60. Nd6 f6 61. Ne4 Bd4 62. exf6 Kb6 63. f7 Bg7 64. f6 Bf8 65. Ng5 1-0

[Event "Druzynowe Mistrzostwa Polski Juniorow - I Liga Juniorow 2019"]
[Site "Ustron"]
[Date "1899-12-30"]
[Round "1.9"]
[White "Ochedzan, Tymon"]
[Black "Dziendziel, Mateusz"]
[Result "1-0"]
[WhiteTitle "CM"]
[BlackTitle "I"]
[WhiteElo "2064"]
[BlackElo "1753"]

1. e4 c5 2. Nf3 g6 3. d4 Bg7 4. c3 cxd4 5. cxd4 d5 6. e5 Nh6 7. Bd3 O-O 8. O-O
Bg4 9. Be3 Nc6 10. Nc3 f6 11. exf6 exf6 12. h3 Be6 13. Re1 Qd7 14. Rc1 Nf7 15.
Na4 b6 16. Bb5 Rfc8 17. Qc2 Nfd8 18. Qd2 Bf8 19. a3 Qb7 20. Bf4 Bf7 21. Nc3 Na5
22. Nh2 Nb3 23. Qe3 Nxc1 24. Rxc1 a6 25. Bd3 Ne6 26. Ng4 Bg7 27. Bh6 Bh8 28. Qf3
Qe7 29. Nxd5 Rxc1+ 30. Bxc1 Qd8 31. Ndxf6+ Bxf6 32. Nxf6+ Kg7 33. Ng4 Ra7 34.
Bh6+ Kh8 35. Ne5 Be8 36. d5 Qh4 37. dxe6 Qxh6 38. Nf7+ Bxf7 39. exf7 Qc1+ 40.
Bf1 1-0

[Event "Druzynowe Mistrzostwa Polski Juniorow - I Liga Juniorow 2019"]
[Site "Ustron"]
[Date "1899-12-30"]
[Round "1.10"]
[White "Herwy, Jakub"]
[Black "Jedraszek, Pawel"]
[Result "1/2-1/2"]
[WhiteTitle "I+"]
[BlackTitle "I"]
[WhiteElo "1641"]
[BlackElo "1807"]

1. e4 c5 2. c4 Nc6 3. Nc3 g6 4. g3 Bg7 5. Bg2 e6 6. Nge2 Nge7 7. d3 O-O 8. Be3
Nd4 9. O-O Rb8 10. a4 Nec6 11. Rb1 a6 12. f4 d6 13. h3 Bd7 14. Kh2 f5 15. Qd2
Kh8 16. Bg1 Qa5 17. Rbd1 Nb3 18. Qc2 Ncd4 19. Nxd4 Nxd4 20. Qb1 b5 21. axb5 axb5
22. exf5 gxf5 23. Bxd4 Bxd4 24. Qc2 bxc4 25. dxc4 Qb4 26. Ne2 Ba4 27. Qd3 Bg7
28. Rb1 Rfd8 29. b3 Be8 30. Rfd1 Bh5 31. Bf3 Bg6 32. Qe3 Bf7 33. g4 Bg6 34. g5
Bf7 35. h4 e5 36. Ng3 Be6 37. Bd5 exf4 38. Qxf4 Be5 39. Qf3 Bxd5 40. Rxd5 Rf8
41. Kh3 Ra8 42. Qe2 Rae8 43. Qc2 Bxg3 44. Kxg3 f4+ 45. Kg4 Qb8 46. Rf1 Qc8+ 47.
Rf5 Re2 48. Qd3 Re3 49. Qc2 Re2 50. Qd3 Re3 51. Qc2 f3 52. Kf4 Rxb3 53. Rxf8+
Qxf8+ 54. Kg3 Re3 55. Qb2+ Kg8 56. Qd2 Qe7 57. Qd5+ Kg7 58. Rxf3 Re1 59. Qf5 Re4
1/2-1/2

[Event "Druzynowe Mistrzostwa Polski Juniorow - I Liga Juniorow 2019"]
[Site "Ustron"]
[Date "1899-12-30"]
[Round "1.11"]
[White "Wawrzyniak, Weronika"]
[Black "Adamczyk, Zuzanna"]
[Result "1-0"]
[WhiteTitle "I"]
[BlackTitle "k"]
[WhiteElo "1493"]
[BlackElo "1872"]

1. e4 c5 2. Nf3 e6 3. g3 Nc6 4. Bg2 Qc7 5. O-O Nf6 6. Re1 d5 7. exd5 Nxd5 8. c3
Be7 9. d4 O-O 10. dxc5 Bxc5 11. c4 Nf6 12. Nc3 Rd8 13. Qe2 a6 14. Bf4 Qe7 15.
a3 Nd4 16. Nxd4 Bxd4 17. Ne4 Nxe4 18. Bxe4 Qf6 19. Rad1 h6 20. Bg2 Qe7 21. Rd2
g5 22. Be5 Bb6 23. Rxd8+ Bxd8 24. Rd1 Bc7 25. Bxc7 Qxc7 26. Qd3 Kg7 27. b4 e5
28. c5 Bg4 29. Rd2 Rc8 30. h3 Be6 31. Qd6 Bc4 32. Be4 Bb5 33. Kg2 Qxd6 34. Rxd6
Rc7 35. Rb6 Bc6 36. Bxc6 Rxc6 37. Rxb7 a5 38. Rb6 Rc7 39. c6 axb4 40. axb4 Kf6
41. b5 Ke6 42. Kf3 Kd6 43. Ke4 Ra7 44. Ra6 Re7 45. Rb6 Ra7 46. Rb7 Ra4+ 47. Kf3
Ra3+ 48. Kg2 f5 49. Rd7+ Ke6 50. b6 Ra6 51. b7 Rxc6 52. Rh7 1-0

[Event "Druzynowe Mistrzostwa Polski Juniorow - I Liga Juniorow 2019"]
[Site "Ustron"]
[Date "1899-12-30"]
[Round "1.12"]
[White "Obrochta, Lena"]
[Black "Barwinska, Ewa"]
[Result "1-0"]
[WhiteTitle "I++"]
[BlackTitle "I++"]
[WhiteElo "1546"]
[BlackElo "1724"]

1. e4 c5 2. Nf3 d6 3. d4 cxd4 4. Nxd4 Nf6 5. Nc3 a6 6. f4 e6 7. a4 Be7 8. Bd3 Qc7
9. O-O O-O 10. Kh1 b6 11. Bd2 Bb7 12. Qe2 Nbd7 13. Rf3 Rfd8 14. Nb3 Nc5 15. Rg3
Nxb3 16. cxb3 Bf8 17. Rf1 Kh8 18. Rh3 g6 19. f5 Bg7 20. Bg5 Rf8 21. Qf2 h5 22.
Qh4 Qd8 23. fxg6 fxg6 24. Rhf3 d5 25. e5 d4 26. exf6 Qc7 27. Ne4 1-0

[Event "Druzynowe Mistrzostwa Polski Juniorow - I Liga Juniorow 2019"]
[Site "Ustron"]
[Date "1899-12-30"]
[Round "1.13"]
[White "Warchol, Bartosz"]
[Black "Brozyna, Mateusz"]
[Result "1/2-1/2"]
[WhiteTitle "I++"]
[BlackTitle "k"]
[WhiteElo "1992"]
[BlackElo "2252"]

1. d4 Nf6 2. c4 g6 3. Nf3 Bg7 4. Nc3 d6 5. g3 O-O 6. Bg2 Nc6 7. O-O Bf5 8. Ne1
Bd7 9. e4 e5 10. d5 Nd4 11. Nc2 Nxc2 12. Qxc2 a5 13. h3 Nh5 14. Kh2 Kh8 15. Be3
f5 16. exf5 gxf5 17. f4 Rg8 18. Ne2 Qe8 19. Bf3 Qg6 20. Rg1 Rae8 21. g4 fxg4 22.
Qxg6 hxg6 23. hxg4 Nxf4 24. Nxf4 exf4 25. Bxf4 b6 26. Rab1 Bd4 27. Rge1 Ref8 28.
Be3 Be5+ 29. Kg2 Kg7 30. b3 Rh8 31. Rh1 Re8 32. Bg5 Bf6 33. Bf4 Be5 34. Bg5 Bf6
35. Bf4 Re7 36. Rbe1 Rxe1 37. Rxe1 g5 38. Bg3 Re8 39. Rxe8 Bxe8 40. Be4 Bd7 41.
Kf3 Bd4 42. Bf5 Be8 43. Be1 Kf6 44. Ke4 Be5 1/2-1/2

[Event "Druzynowe Mistrzostwa Polski Juniorow - I Liga Juniorow 2019"]
[Site "Ustron"]
[Date "1899-12-30"]
[Round "1.14"]
[White "Suder, Jakub"]
[Black "Dylag, Emilia"]
[Result "1-0"]
[WhiteTitle "I++"]
[BlackTitle "k+"]
[WhiteElo "1989"]
[BlackElo "2099"]

1. d4 Nf6 2. c4 g6 3. Nc3 d6 4. Nf3 Bg7 5. e4 O-O 6. Be2 e5 7. O-O Nc6 8. d5 Ne7
9. Ne1 Nd7 10. f3 f5 11. Be3 f4 12. Bf2 g5 13. Rc1 Rf6 14. c5 a6 15. Qb3 Kh8 16.
Qa3 dxc5 17. Nd3 b6 18. b4 c4 19. Nb2 Rh6 20. Nxc4 Qe8 21. Rfd1 Qh5 22. h3 Nf8
23. Bf1 g4 24. fxg4 Bxg4 25. Rd3 Nfg6 26. d6 cxd6 27. Nxd6 Rf8 28. Qb3 Nh4 29.
Bxh4 Be6 30. Bxe7 Bxb3 31. Bxf8 Bxf8 32. axb3 Rxd6 33. Rxd6 Bxd6 34. Nd5 Qg6 35.
Rc8+ Kg7 36. Rd8 f3 37. Rd7+ Kf8 38. Kf2 Qxe4 39. Rxd6 Qh4+ 40. Kxf3 e4+ 41. Ke2
Qg3 42. Rd8+ Kf7 43. Ne3 Qe5 44. Rd7+ Ke8 45. Rd2 Qh5+ 46. Kf2 Qf7+ 47. Kg1 Qxb3
48. Nd5 Kf8 49. Rf2+ Kg7 50. Rf5 a5 51. Rg5+ Kf7 52. bxa5 bxa5 53. Kh2 h6 54.
Rf5+ Ke6 55. Rh5 a4 56. Nf4+ Kf7 57. Rb5 Qc2 58. Rb7+ Kf6 59. Nd5+ Ke5 60. Ne3
Qc1 61. Rb5+ Kd6 62. Rb6+ Ke7 63. Nd5+ Kf7 64. Be2 Qg5 65. Bc4 Kg7 66. Rb7+ Kf8
67. Rb8+ Kg7 68. Re8 Qg6 69. Rg8+ Kxg8 70. Ne7+ Kg7 71. Nxg6 Kxg6 72. Kg3 Kf5
73. Kf2 Ke5 74. Ke3 a3 75. g3 Kf5 76. Ba2 h5 77. Bc4 Ke5 78. Bg8 Kf5 79. Ba2 Ke5
80. Bb1 h4 81. g4 Kd5 82. Ba2+ Ke5 83. Bb3 1-0

[Event "Druzynowe Mistrzostwa Polski Juniorow - I Liga Juniorow 2019"]
[Site "Ustron"]
[Date "1899-12-30"]
[Round "1.15"]
[White "Wasik, Mateusz"]
[Black "Dziewonski, Dariusz"]
[Result "1/2-1/2"]
[WhiteTitle "I"]
[BlackTitle "I"]
[WhiteElo "1847"]
[BlackElo "1803"]

1. e4 c5 2. Nf3 d6 3. d4 cxd4 4. Nxd4 Nf6 5. Nc3 g6 6. Be3 Bg7 7. h3 O-O 8. Bc4
Nc6 9. Bb3 Bd7 10. O-O a6 11. a4 Rc8 12. Re1 Na5 13. Ba2 Qc7 14. Bg5 Nc4 15. Bxc4
Qxc4 16. Qd2 Rfe8 17. Nf3 Be6 18. Nd4 Nd7 19. Nce2 d5 20. Nxe6 fxe6 21. c3 Nc5
22. exd5 Ne4 23. Qe3 exd5 24. Bh6 Bxh6 25. Qxh6 Qc5 26. Rf1 e5 27. Qe3 Qxe3 28.
fxe3 Rf8 29. Rad1 Rxf1+ 30. Kxf1 Rf8+ 31. Ke1 Nf6 32. Ng1 Kf7 33. Nf3 Ke6 34.
Ra1 Ne4 35. Ra3 Nc5 36. Ke2 h6 37. b4 Ne4 38. Rb3 Rc8 39. Kd3 Nf2+ 40. Ke2 Ne4
41. Kd3 b6 42. Nd2 Nxd2 43. Kxd2 Rf8 44. Ke2 g5 45. a5 b5 46. Rb1 Rc8 47. Kd3
Rf8 48. Ke2 Rc8 1/2-1/2

[Event "Druzynowe Mistrzostwa Polski Juniorow - I Liga Juniorow 2019"]
[Site "Ustron"]
[Date "1899-12-30"]
[Round "1.16"]
[White "Sobala, Filip"]
[Black "Jozefczyk, Szymon"]
[Result "0-1"]
[WhiteTitle "II"]
[BlackTitle "II"]
[WhiteElo "1421"]
[BlackElo "1714"]

1. e4 c5 2. c3 Nf6 3. e5 Nd5 4. Nf3 Nc6 5. d4 cxd4 6. cxd4 d6 7. Bc4 Nb6 8. Qe2
d5 9. Bb5 Bg4 10. h3 Bxf3 11. Qxf3 e6 12. O-O Be7 13. Bxc6+ bxc6 14. Qg3 g6 15.
Bh6 Rc8 16. Nd2 Nd7 17. Rac1 Qb6 18. Nb3 Bf8 19. Bd2 c5 20. dxc5 Bxc5 21. Nxc5
Nxc5 22. b4 Ne4 23. Rxc8+ Kd7 24. Be3 Nxg3 25. Rxh8 Ne2+ 26. Kh1 Qa6 27. Kh2 Ng3
28. Rc1 Nf1+ 29. Kg1 Nxe3 30. fxe3 Qa3 31. Rd1 Qxe3+ 32. Kh1 h5 33. Ra8 Kc7 34.
Rf1 Kb7 35. Rf8 Qxe5 36. R8xf7+ Kb6 37. R7f3 Qe4 38. Rc1 e5 39. Rfc3 d4 40. Rc4
Qd5 41. a4 Qd7 42. b5 d3 43. Rc6+ Kb7 44. Rd1 e4 45. Rc3 d2 46. Re3 Qd4 47. Rxe4
Qxe4 48. Rxd2 Qe1+ 0-1

[Event "Druzynowe Mistrzostwa Polski Juniorow - I Liga Juniorow 2019"]
[Site "Ustron"]
[Date "1899-12-30"]
[Round "1.17"]
[White "Pawlak, Emilia"]
[Black "Mazanowska, Aniela"]
[Result "1-0"]
[WhiteTitle "I"]
[BlackTitle "II"]
[WhiteElo "1636"]
[BlackElo "1250"]

1. e4 e5 2. Nf3 Nc6 3. Bc4 Bc5 4. d3 Nf6 5. O-O O-O 6. Bb3 d6 7. c3 Bb6 8. Nbd2
a6 9. Re1 Be6 10. Nf1 Ne7 11. Ng3 Ng6 12. d4 c6 13. h3 Qc7 14. Be3 Nf4 15. dxe5
dxe5 16. Bxb6 Qxb6 17. Nxe5 Rad8 18. Qc2 Rfe8 19. Nc4 Qc5 20. Ne3 Qg5 21. Bxe6
Rxe6 22. Rad1 Rde8 23. Nef5 N6h5 24. Rd7 b6 25. Red1 g6 26. h4 Qf6 27. Nh6+ Kh8
28. Nxf7+ Kg8 29. Nxh5 Nxh5 30. Ng5 R6e7 31. Qb3+ Kh8 32. Rxe7 Qxe7 33. Qxb6 h6
34. Nf3 Qe6 35. Qe3 Kh7 36. Qa7+ Re7 37. Qxa6 Nf4 38. Rd8 Qg4 39. Qf1 Rxe4 40.
Rd4 Ne6 41. Rxe4 Qxe4 42. Qe1 Qd5 43. a4 Nf4 44. b4 Nd3 45. Qd2 Qe4 46. a5 Qc4
47. Nd4 c5 48. bxc5 Nxc5 49. Qb2 Qa6 50. Qb6 Qc8 51. Nc6 Na4 52. Qa7+ Kh8 53.
Qd4+ Kh7 54. Qxa4 Qe6 55. a6 Qe1+ 56. Kh2 Qd2 57. a7 Qd6+ 58. Kh1 1-0

[Event "Druzynowe Mistrzostwa Polski Juniorow - I Liga Juniorow 2019"]
[Site "Ustron"]
[Date "1899-12-30"]
[Round "1.18"]
[White "Goraj, Barbara"]
[Black "Szopa, Emilia"]
[Result "0-1"]
[WhiteTitle "I++"]
[BlackTitle "I+"]
[WhiteElo "1783"]
[BlackElo "1415"]

1. e4 c5 2. Nf3 Nc6 3. d4 cxd4 4. Nxd4 Nf6 5. Nc3 e5 6. Ndb5 d6 7. Nd5 Nxd5 8.
exd5 Nb8 9. a4 Be7 10. Be2 O-O 11. O-O f5 12. Bd2 Na6 13. a5 Nc7 14. Nxc7 Qxc7
15. a6 bxa6 16. Ba5 Qb7 17. Bc3 Qb6 18. Qd2 Bb7 19. Rfd1 Rac8 20. Ba5 Qc5 21.
c4 Bh4 22. g3 Bd8 23. Bxd8 Rcxd8 24. b4 Qb6 25. Rab1 Ba8 26. Qc3 Rc8 27. Rbc1
a5 28. bxa5 Qc5 29. Kg2 f4 30. f3 fxg3 31. hxg3 Bb7 32. Qb2 Rb8 33. Qc2 e4 34.
Qxe4 Rbe8 35. Qc2 Qe3 36. Re1 Bc8 37. Qc3 Qh6 38. g4 Bxg4 39. Qd3 Qh3+ 40. Kg1
Qg3+ 41. Kh1 Rf6 42. Qd2 Rxe2 43. Rxe2 Rh6+ 44. Qxh6 Bxf3+ 0-1

[Event "Druzynowe Mistrzostwa Polski Juniorow - I Liga Juniorow 2019"]
[Site "Ustron"]
[Date "1899-12-30"]
[Round "1.19"]
[White "Fiedorek, Michal"]
[Black "Szpar, Milosz"]
[Result "1-0"]
[WhiteTitle "k"]
[BlackTitle "FM"]
[WhiteElo "2158"]
[BlackElo "2289"]

1. e4 g6 2. d4 Bg7 3. Nc3 d6 4. Be3 a6 5. a4 b6 6. Qd2 e6 7. g3 Bb7 8. Bg2 h6 9.
Nge2 d5 10. exd5 Nf6 11. O-O exd5 12. Rfe1 Nc6 13. h3 Ne7 14. Nc1 Kf8 15. Nd3
Kg8 16. a5 Ne4 17. Nxe4 dxe4 18. Ne5 f6 19. Nd3 Kh7 20. Nf4 Qd7 21. c4 g5 22.
Nh5 b5 23. b3 f5 24. Nxg7 Kxg7 25. d5 Rhf8 26. Bd4+ Kg8 27. Bb2 Rae8 28. h4 f4
29. Bxe4 fxg3 30. fxg3 Nf5 31. Qc3 Ng7 32. hxg5 hxg5 33. Bg6 b4 34. Bxe8 bxc3
35. Bxd7 cxb2 36. Rab1 Rf3 37. Rxb2 Rxg3+ 38. Kf2 Rc3 39. Rg1 Kf7 40. Rxg5 Kf6
41. Rg3 Rxg3 42. Kxg3 Ke5 43. Rh2 Kxd5 1-0

[Event "Druzynowe Mistrzostwa Polski Juniorow - I Liga Juniorow 2019"]
[Site "Ustron"]
[Date "1899-12-30"]
[Round "1.20"]
[White "Redzisz, Michal"]
[Black "Hryn, Zofia"]
[Result "1-0"]
[WhiteTitle "k"]
[BlackTitle "I++"]
[WhiteElo "2054"]
[BlackElo "1622"]

1. d4 d6 2. c4 e5 3. e3 Nf6 4. Nf3 e4 5. Nfd2 c6 6. Nc3 d5 7. cxd5 cxd5 8. Qb3
a6 9. f3 exf3 10. Nxf3 Nc6 11. Bd3 g6 12. O-O Bg7 13. Bd2 O-O 14. Rae1 Na5 15.
Qa3 Nc6 16. Na4 Re8 17. Qb3 b5 18. Nc5 Ne4 19. Bxe4 dxe4 20. Ng5 Bf5 21. Nxf7
Qe7 22. Nd8+ 1-0

[Event "Druzynowe Mistrzostwa Polski Juniorow - I Liga Juniorow 2019"]
[Site "Ustron"]
[Date "1899-12-30"]
[Round "1.21"]
[White "Wielgus, Wojciech"]
[Black "Poltorak, Sebastian"]
[Result "0-1"]
[WhiteTitle "I"]
[BlackTitle "I++"]
[WhiteElo "1821"]
[BlackElo "2068"]

1. c4 Nf6 2. Nc3 e5 3. g3 d6 4. Bg2 g6 5. d3 Bg7 6. e4 O-O 7. Nge2 c6 8. O-O Be6
9. f4 Qb6+ 10. Kh1 Ng4 11. Qe1 f5 12. h3 Nf6 13. fxe5 dxe5 14. Na4 Qd8 15. Nc5
Bc8 16. exf5 gxf5 17. d4 e4 18. Bg5 b6 19. Nb3 Be6 20. Rc1 Qd7 21. Nf4 Na6 22.
Qd2 Rae8 23. a4 Qf7 24. Bxf6 Qxf6 25. Rfe1 Rd8 26. Red1 Bf7 27. a5 c5 28. Nh5
Bxh5 29. Rf1 Bh6 30. Qc2 Bxc1 31. Nxc1 cxd4 32. Bxe4 fxe4 33. Rxf6 Rxf6 34. g4
Bg6 35. axb6 axb6 36. Ne2 d3 37. Qd2 e3 38. Qxe3 d2 39. Nc3 d1=Q+ 40. Nxd1 Rxd1+
41. Kh2 Nc5 42. h4 Ne4 43. g5 Rf2+ 44. Kh3 Bf5# 0-1

[Event "Druzynowe Mistrzostwa Polski Juniorow - I Liga Juniorow 2019"]
[Site "Ustron"]
[Date "1899-12-30"]
[Round "1.22"]
[White "Meers, Hubert"]
[Black "Warchol, Kamil"]
[Result "0-1"]
[WhiteTitle "I++"]
[BlackTitle "CM"]
[WhiteElo "2072"]
[BlackElo "1639"]

1. e4 e5 2. Nf3 Nc6 3. Bb5 a6 4. Ba4 Nf6 5. O-O b5 6. Bb3 Bc5 7. a4 Bb7 8. Qe2
b4 9. d3 d6 10. Nbd2 O-O 11. Nc4 a5 12. Bg5 h6 13. Bh4 Nb8 14. Ne3 Nbd7 15. h3
Qe8 16. Nh2 c6 17. Nf5 Kh7 18. Qf3 d5 19. g4 Qe6 20. Kh1 Bb6 21. Rg1 g5 22. Bg3
c5 23. Rae1 c4 24. Ba2 dxe4 25. dxe4 Nc5 26. Qg2 Ncxe4 27. f3 Nxg3+ 28. Qxg3 Bxg1
29. Rxg1 e4 30. h4 exf3 31. Nxf3 Qe4 32. N5d4 Qxd4 33. hxg5 Qxg4 34. g6+ Kg7 35.
gxf7 Qxg3 36. Rxg3+ Kxf7 37. Bxc4+ Bd5 0-1

[Event "Druzynowe Mistrzostwa Polski Juniorow - I Liga Juniorow 2019"]
[Site "Ustron"]
[Date "1899-12-30"]
[Round "1.23"]
[White "Hryn, Aleksandra"]
[Black "Leczek, Weronika"]
[Result "0-1"]
[WhiteTitle "I+"]
[BlackTitle "k"]
[WhiteElo "1611"]
[BlackElo "1806"]

1. e4 c5 2. Nf3 Nc6 3. Bb5 g6 4. O-O Bg7 5. Bxc6 bxc6 6. c3 d5 7. d3 Bg4 8. h3
Bxf3 9. Qxf3 e6 10. Nd2 Ne7 11. Nb3 Qb6 12. Be3 d4 13. cxd4 cxd4 14. Bg5 Ng8 15.
Rac1 h6 16. Bd2 Nf6 17. e5 Nd7 18. Rxc6 Qb8 19. Qe4 Nxe5 20. Bf4 O-O 21. Rc5 f6
22. Nxd4 Qe8 23. Bxe5 fxe5 24. Nf3 Rf4 25. Qe3 Qb8 26. Nxe5 g5 27. b3 Qb6 28.
Nc4 Qa6 29. Ra5 Qc6 30. Rxa7 Raf8 31. Qb6 Qxb6 32. Nxb6 Bd4 33. Rb7 Rxf2 34. Rxf2
Rxf2 35. Kh2 Be5+ 36. Kg1 Bd4 37. Kh2 Be5+ 38. Kg1 Bg3 39. Ra7 Re2 40. Ra8+ Kg7
41. Ra7+ Kg6 42. Rf7 Kxf7 43. Nc4 Re1# 0-1